| 000 | 00551nam a2200217 a 4500 | ||
|---|---|---|---|
| 999 |
_c4273 _d4273 |
||
| 001 | 4273 | ||
| 003 | BD-JhCC | ||
| 005 | 20171125190640.0 | ||
| 008 | 171125s19351963e a|||| || | 000 0 eng d | ||
| 035 | _a(BD-JhCC)4273 | ||
| 040 |
_aBD-JhCC _dBD-JhCC |
||
| 041 | _aeng | ||
| 082 |
_a822.33 _bGAN 1963 |
||
| 100 | _aGanthony, Richard | ||
| 245 |
_aA Massage From Mars / _cRichard Ganthony, |
||
| 260 |
_aLondon : _bLongmans, Green and Co. Ltd, _c1963 |
||
| 300 |
_a49 p. : _c18 cm. |
||
| 650 | _aEnglish Drama | ||
| 942 |
_2ddc _cBK |
||